[Event "Grand Pacific op"]
[Site "Victoria CAN"]
[Date "2010.04.03"]
[Round "3"]
[White "Daswani, Benedict"]
[Black "Day, Lawrence"]
[Result "0-1"]
[WhiteElo "2095"]
[BlackElo "2302"]
[PlyCount "64"]
[EventDate "2010.04.02"]
[EventType "swiss"]
[EventRounds "6"]
[EventCountry "CAN"]

1. g3 g6 2. Bg2 Bg7 3. d3 d6 4. e4 c5 5. f4 Nc6 6. Nf3 e6 7. O-O Nge7 8. c3 e5
9. Be3 b6 10. d4 exd4 11. cxd4 Bg4 12. e5 cxd4 13. Bxd4 dxe5 14. Bxe5 Nxe5 15.
fxe5 O-O 16. Nc3 Qc7 17. Qa4 Bd7 18. Qf4 Rae8 19. Rac1 Qb8 20. Rcd1 Bc6 21. Ne4
Nd5 22. Qh4 Rxe5 23. Nxe5 Qxe5 24. Ng5 h5 25. Nxf7 Qe3+ 26. Kh1 Qe2 27. Qe4 Ne3
28. Qxc6 Nxd1 29. Qd5 Ne3 30. Qf3 Qxf3 31. Rxf3 Nxg2 32. Kxg2 Rxf7 0-1

[Event "Grand Pacific op"]
[Site "Victoria CAN"]
[Date "2010.04.03"]
[Round "3"]
[White "Ficzere, Tony"]
[Black "Moura, Eduardo"]
[Result "1/2-1/2"]
[WhiteElo "1830"]
[BlackElo "2045"]
[PlyCount "49"]
[EventDate "2010.04.02"]
[EventType "swiss"]
[EventRounds "6"]
[EventCountry "CAN"]

1. d4 Nf6 2. Nf3 g6 3. Bf4 Bg7 4. e3 O-O 5. Bd3 d6 6. h3 Nfd7 7. c3 c5 8. O-O
Nc6 9. Nbd2 h6 10. Ne4 Kh7 11. dxc5 d5 12. Neg5+ hxg5 13. Nxg5+ Kg8 14. Bxg6
Nf6 15. Bc2 e5 16. Bg3 e4 17. Bd6 Re8 18. Bb3 Be6 19. Nxe6 fxe6 20. f3 Qd7 21.
fxe4 Nxe4 22. Qg4 Nxd6 23. cxd6 Qxd6 24. Bc2 e5 25. Qh5 1/2-1/2

[Event "Grand Pacific op"]
[Site "Victoria CAN"]
[Date "2010.04.03"]
[Round "3"]
[White "Gansvind, Valeriya"]
[Black "Sohal, Tanraj"]
[Result "1/2-1/2"]
[WhiteElo "2332"]
[BlackElo "2100"]
[PlyCount "132"]
[EventDate "2010.04.02"]
[EventType "swiss"]
[EventRounds "6"]
[EventCountry "CAN"]

1. d4 Nf6 2. Bg5 d5 3. Bxf6 exf6 4. e3 c6 5. Nd2 Qb6 6. Qc1 Bb4 7. c3 Bd6 8. a3
O-O 9. c4 dxc4 10. Nxc4 Qc7 11. Nxd6 Qxd6 12. Nf3 Bg4 13. Be2 Bxf3 14. Bxf3 Nd7
15. O-O f5 16. Qc2 g6 17. b4 a6 18. Rfd1 Nf6 19. Qc5 Qd7 20. Qe5 Qd8 21. Qc5
Rc8 22. Rac1 Re8 23. Qc2 Qd7 24. Qb3 Ne4 25. g3 Rcd8 26. a4 Re6 27. b5 cxb5 28.
axb5 Qxb5 29. Qxb5 axb5 30. Bxe4 fxe4 31. Rc5 Rb6 32. Rb1 b4 33. Rc4 b3 34. Rc3
b2 35. Rc2 Rd7 36. Rcxb2 Rxb2 37. Rxb2 Rc7 38. g4 f6 39. Rb6 Kf7 40. Kg2 h5 41.
gxh5 gxh5 42. Kg3 Kg6 43. h4 Kf5 44. Rb5+ Kg6 45. f3 exf3 46. Kxf3 Re7 47. Kf4
Rc7 48. Rb6 Rc1 49. Rxb7 Rh1 50. Kg3 Rg1+ 51. Kf3 Rg4 52. d5 Kf5 53. d6 Ke6 54.
Rh7 Kxd6 55. Rxh5 Rg1 56. Rh8 Ke6 57. Kf4 Kf7 58. Rh5 Kg6 59. Ra5 Rf1+ 60. Kg4
f5+ 61. Kg3 Rg1+ 62. Kf3 Rg4 63. h5+ Kg5 64. h6 Rh4 65. h7 Rxh7 66. e4 Rf7
1/2-1/2

[Event "Grand Pacific op"]
[Site "Victoria CAN"]
[Date "2010.04.03"]
[Round "3"]
[White "Geng, Tian Tian"]
[Black "Cheng, Jack"]
[Result "0-1"]
[WhiteElo "1783"]
[BlackElo "2008"]
[PlyCount "118"]
[EventDate "2010.04.02"]
[EventType "swiss"]
[EventRounds "6"]
[EventCountry "CAN"]

1. e4 e5 2. Nf3 Nc6 3. d4 exd4 4. Bc4 Nf6 5. O-O Nxe4 6. Re1 d5 7. Bxd5 Qxd5 8.
Nc3 Qa5 9. Nxe4 Be6 10. Neg5 O-O-O 11. Nxe6 fxe6 12. Rxe6 Bd6 13. Bd2 Qb6 14.
b3 h6 15. Qe2 Qc5 16. Qd3 g5 17. h3 Rdg8 18. Re4 h5 19. Nxd4 Nxd4 20. Rxd4 Qe5
21. Re1 Qh2+ 22. Kf1 Qh1+ 23. Ke2 Re8+ 24. Re4 Qxg2 25. Rxe8+ Rxe8+ 26. Kd1
Rxe1+ 27. Kxe1 b6 28. Qf5+ Kb7 29. Bxg5 Qc6 30. Ke2 Qe8+ 31. Kd3 Qg8 32. c4 Qg7
33. h4 Bc5 34. Qe4+ c6 35. f4 Qd7+ 36. Ke2 Qg4+ 37. Qf3 Qe6+ 38. Kf1 Qf5 39.
Ke2 Qc2+ 40. Kf1 Qb1+ 41. Kg2 Qg1+ 42. Kh3 Bf2 43. Qg2 Qe1 44. Qf3 Qf1+ 45. Qg2
Qd3+ 46. Kh2 Bd4 47. Qg3 Qf1 48. Qg2 Qe1 49. Qg3 Bf2 50. Qg2 Bxh4 51. Qh3 Qf2+
52. Qg2 Qe1 53. Qh3 Qd2+ 54. Qg2 Bf2 55. Kh1 Qe1+ 56. Kh2 h4 57. Kh3 Qe3+ 58.
Kh2 Bg3+ 59. Kh3 Qe6+ 0-1

[Event "Grand Pacific op"]
[Site "Victoria CAN"]
[Date "2010.04.03"]
[Round "3"]
[White "Kong, Dezheng"]
[Black "Raymer, Elliot"]
[Result "1-0"]
[WhiteElo "1996"]
[BlackElo "1760"]
[PlyCount "67"]
[EventDate "2010.04.02"]
[EventType "swiss"]
[EventRounds "6"]
[EventCountry "CAN"]

1. c4 Nf6 2. Nf3 e6 3. Nc3 d5 4. cxd5 exd5 5. d4 Be7 6. Qc2 O-O 7. Bg5 b6 8. e3
Bb7 9. Bd3 Nbd7 10. O-O c5 11. Ne5 Nxe5 12. dxe5 Ne4 13. Bxe7 Qxe7 14. Nxe4
dxe4 15. Bxe4 Bxe4 16. Qxe4 f5 17. Qc4+ Kh8 18. f4 Qh4 19. Rad1 Rad8 20. Qe2 g5
21. Qf2 Qg4 22. Rxd8 Rxd8 23. fxg5 Qxg5 24. Qxf5 Qxe3+ 25. Kh1 Qh6 26. e6 Re8
27. Re1 Qg6 28. Qd5 Kg7 29. Qd7+ Kf8 30. Rf1+ Kg8 31. e7 c4 32. h3 b5 33. Qd8
Kg7 34. Rf8 1-0

[Event "Grand Pacific op"]
[Site "Victoria CAN"]
[Date "2010.04.03"]
[Round "3"]
[White "Leblanc, Paul"]
[Black "Patterson, Roger"]
[Result "0-1"]
[WhiteElo "1877"]
[BlackElo "2204"]
[PlyCount "64"]
[EventDate "2010.04.02"]
[EventType "swiss"]
[EventRounds "6"]
[EventCountry "CAN"]

1. d4 f5 2. g3 Nf6 3. Bg2 g6 4. c4 Bg7 5. Nc3 O-O 6. Nf3 d6 7. O-O Qe8 8. Qb3
c6 9. e3 Na6 10. Bd2 h6 11. c5+ Kh8 12. cxd6 exd6 13. a3 Rf7 14. Nh4 Re7 15.
Qc2 Nc7 16. Ne2 Be6 17. Bb4 Rd8 18. Rac1 Ne4 19. Bxe4 fxe4 20. Nf4 Bf7 21. Nhg2
g5 22. Ne2 Bh5 23. Nc3 Bf3 24. h3 Qh5 25. Kh2 Bg4 26. Rh1 Bf3 27. Kg1 Qf7 28.
Rh2 b6 29. a4 c5 30. dxc5 dxc5 31. Ba3 Red7 32. b4 Rd2 0-1

[Event "Grand Pacific op"]
[Site "Victoria CAN"]
[Date "2010.04.03"]
[Round "3"]
[White "Martinson, Rick"]
[Black "Lambruschini, Alex"]
[Result "1/2-1/2"]
[WhiteElo "1673"]
[BlackElo "1834"]
[PlyCount "54"]
[EventDate "2010.04.02"]
[EventType "swiss"]
[EventRounds "6"]
[EventCountry "CAN"]

1. Nf3 e6 2. c4 Nf6 3. Nc3 Bb4 4. a3 Be7 5. d4 b6 6. e4 Bb7 7. Bd3 h6 8. O-O
Na6 9. e5 Nh7 10. Re1 d5 11. cxd5 Nb8 12. dxe6 fxe6 13. Bg6+ Kd7 14. d5 exd5
15. Nxd5 Kc8 16. Bf5+ Nd7 17. Nxe7+ Qxe7 18. Bxd7+ Qxd7 19. Qxd7+ Kxd7 20. Bf4
Rae8 21. Rad1+ Kc8 22. e6 Rhf8 23. Bg3 Bxf3 24. gxf3 Ng5 25. e7 Rf7 26. Kg2
Rfxe7 27. Rxe7 Rxe7 1/2-1/2

[Event "Grand Pacific op"]
[Site "Victoria CAN"]
[Date "2010.04.03"]
[Round "3"]
[White "Murray, Mike"]
[Black "Moore, Harry"]
[Result "0-1"]
[WhiteElo "1898"]
[BlackElo "2264"]
[PlyCount "50"]
[EventDate "2010.04.02"]
[EventType "swiss"]
[EventRounds "6"]
[EventCountry "CAN"]

1. e4 e6 2. Nc3 d5 3. Nf3 Nf6 4. e5 Nfd7 5. d4 c5 6. dxc5 Bxc5 7. Bd3 Nc6 8.
Qe2 a6 9. Bf4 h6 10. O-O-O g5 11. Bg3 g4 12. Nh4 Ndxe5 13. f4 Nxd3+ 14. Rxd3
Be7 15. Qxg4 h5 16. Qh3 Qa5 17. Be1 Nb4 18. Qe3 Nxd3+ 19. Qxd3 Bd7 20. f5 O-O-O
21. fxe6 Bxe6 22. Nf5 Bg5+ 23. Kb1 d4 24. Nxd4 Rxd4 25. Qxd4 Rd8 0-1

[Event "Grand Pacific op"]
[Site "Victoria CAN"]
[Date "2010.04.03"]
[Round "3"]
[White "Ristovic, Nenad"]
[Black "Aquino, Manfrei"]
[Result "1/2-1/2"]
[WhiteElo "2272"]
[BlackElo "1953"]
[PlyCount "104"]
[EventDate "2010.04.02"]
[EventType "swiss"]
[EventRounds "6"]
[EventCountry "CAN"]

1. d4 f5 2. c4 g6 3. Nc3 Nf6 4. g3 Bg7 5. Bg2 O-O 6. Nf3 d6 7. O-O c6 8. Qb3
Qb6 9. Qc2 Re8 10. h3 Qc7 11. e4 fxe4 12. Nxe4 Bf5 13. Nxf6+ Bxf6 14. Qe2 Na6
15. g4 Bd7 16. Bd2 c5 17. Bc3 cxd4 18. Nxd4 e5 19. Nc2 Bc6 20. Ne3 Bxg2 21.
Kxg2 Qc6+ 22. Nd5 Nc7 23. Qf3 Bg7 24. Nxc7 Qxc7 25. Qd5+ Qf7 26. Rad1 Re6 27.
f4 exf4 28. Rxf4 Re2+ 29. Kf1 Qxd5 30. Rxd5 Rc2 31. Bxg7 Kxg7 32. b3 Rf8 33.
Rxf8 Kxf8 34. a4 Rc3 35. Rb5 b6 36. Kg2 Ke7 37. a5 bxa5 38. Rxa5 Rxb3 39. Rxa7+
Kf6 40. Rxh7 Rc3 41. Rc7 d5 42. Rc6+ Kg5 43. cxd5 Rd3 44. d6 Kh4 45. d7 Rd2+
46. Kf3 Rd3+ 47. Ke4 Rxd7 48. Rxg6 Kxh3 49. Rg8 Rf7 50. g5 Kg4 51. g6 Re7+ 52.
Kd5 Kf5 1/2-1/2

[Event "Grand Pacific op"]
[Site "Victoria CAN"]
[Date "2010.04.03"]
[Round "3"]
[White "Scoones, Dan"]
[Black "Steininger, Gavin"]
[Result "1/2-1/2"]
[WhiteElo "2256"]
[BlackElo "2072"]
[PlyCount "39"]
[EventDate "2010.04.02"]
[EventType "swiss"]
[EventRounds "6"]
[EventCountry "CAN"]

1. d4 Nf6 2. c4 e6 3. g3 c5 4. Nf3 cxd4 5. Nxd4 Nc6 6. Bg2 Be7 7. O-O Nxd4 8.
Qxd4 d6 9. Nc3 O-O 10. Rd1 a6 11. Bd2 Qc7 12. Qd3 Rd8 13. Rac1 Bd7 14. Bf4 Be8
15. Qd2 Qb6 16. Be3 Qc7 17. h3 Rdc8 18. Bf4 Qb6 19. Be3 Qc7 20. Bf4 1/2-1/2

[Event "Grand Pacific op"]
[Site "Victoria CAN"]
[Date "2010.04.03"]
[Round "3"]
[White "Wright, Polly"]
[Black "Parker, Dylan"]
[Result "0-1"]
[WhiteElo "1729"]
[BlackElo "1614"]
[PlyCount "89"]
[EventDate "2010.04.02"]
[EventType "swiss"]
[EventRounds "6"]
[EventCountry "CAN"]

1. c4 e6 2. Nc3 Nf6 3. g3 d5 4. cxd5 exd5 5. Bg2 c6 6. d4 Bf5 7. Nf3 Nbd7 8.
O-O Bd6 9. Qb3 Qc7 10. Bd2 Qb6 11. Qxb6 Nxb6 12. Bg5 Ne4 13. Nxe4 Bxe4 14. Nd2
Bxg2 15. Kxg2 f6 16. Be3 Kd7 17. b3 a5 18. Nf3 Rhe8 19. Ne1 Nc8 20. Nd3 b6 21.
Rfc1 Ne7 22. Bf4 Ba3 23. Re1 Nf5 24. e3 g5 25. g4 Nh4+ 26. Kh3 Nf3 27. Red1
gxf4 28. Nxf4 Ng5+ 29. Kg2 Ne4 30. Rd3 Bd6 31. Nh5 Rf8 32. h4 Be7 33. f3 Nd6
34. Rc1 Nb5 35. a4 Nd6 36. Rdc3 Rfc8 37. Kg3 b5 38. Kf4 bxa4 39. bxa4 Rab8 40.
Ng3 Rb4 41. Ra1 Nc4 42. Nf5 Bd6+ 43. Nxd6 Nxd6 44. Kg3 Rcb8 45. Rac1 0-1

[Event "Grand Pacific op"]
[Site "Victoria CAN"]
[Date "2010.04.03"]
[Round "3"]
[White "Yoos, John"]
[Black "Roua, Radu Laurentiu"]
[Result "1-0"]
[WhiteElo "2444"]
[BlackElo "2236"]
[PlyCount "103"]
[EventDate "2010.04.02"]
[EventType "swiss"]
[EventRounds "6"]
[EventCountry "CAN"]

1. e4 c6 2. d4 g6 3. h3 Bg7 4. Nc3 d5 5. e5 Nd7 6. Be3 Nf8 7. Qd2 h5 8. g3 Nh6
9. f4 Nf5 10. Bf2 Ne6 11. Bg2 b5 12. Nge2 Nc7 13. Nc1 a5 14. N3e2 Nh6 15. Nb3
a4 16. Nc5 Na6 17. Nd3 Bf5 18. O-O Qd7 19. Kh2 Be6 20. a3 Qc8 21. b3 Nc7 22.
Qc3 Bd7 23. Nb4 Ne6 24. Nd3 Nd8 25. Nc5 Ne6 26. Nxe6 Bxe6 27. Nc1 Bf5 28. Na2
Qb7 29. Nb4 Kd7 30. Qb2 e6 31. c4 bxc4 32. bxc4 Rhb8 33. Rac1 Bf8 34. cxd5 cxd5
35. Be1 Rc8 36. Bd2 Bxb4 37. Bxb4 Bd3 38. Rfd1 Bc4 39. Qf2 Bb3 40. Re1 Rxc1 41.
Rxc1 Nf5 42. g4 hxg4 43. hxg4 Rh8+ 44. Kg1 Nh4 45. Bh1 Qa8 46. Be1 Rh7 47. Qe2
Qb8 48. Qa6 Bc4 49. Rxc4 dxc4 50. Qc6+ Kd8 51. Ba5+ Ke7 52. Qc5+ 1-0

[Event "Grand Pacific op"]
[Site "Victoria CAN"]
[Date "2010.04.04"]
[Round "4"]
[White "Aykroyd, Colin"]
[Black "Martinson, Rick"]
[Result "1-0"]
[WhiteElo "1922"]
[BlackElo "1673"]
[PlyCount "130"]
[EventDate "2010.04.02"]
[EventType "swiss"]
[EventRounds "6"]
[EventCountry "CAN"]

1. e4 g6 2. d4 Bg7 3. Nf3 d6 4. Be2 Nf6 5. Nbd2 O-O 6. O-O c5 7. c3 cxd4 8.
cxd4 Nc6 9. d5 Nb8 10. Re1 Nbd7 11. Bf1 Ng4 12. Nb3 Qc7 13. h3 Nge5 14. Nfd4
Nc5 15. Nb5 Qd8 16. N3d4 a6 17. Nc3 Ned3 18. Bxd3 Bxd4 19. Bf1 Bg7 20. a4 Qb6
21. Ra3 Qb4 22. Na2 Qb6 23. a5 Qd8 24. b4 Nd7 25. Be3 b5 26. axb6 Nxb6 27. Bd4
Nd7 28. Bxg7 Kxg7 29. Qd4+ Kg8 30. Rc1 Bb7 31. Nc3 Qb6 32. Qxb6 Nxb6 33. Rca1
Rfc8 34. Nd1 Nc4 35. Rc3 Nd2 36. Rxc8+ Rxc8 37. Bd3 Nb3 38. Rb1 Nd4 39. f3 Nb5
40. Ra1 Ra8 41. Bxb5 axb5 42. Rxa8+ Bxa8 43. Nc3 Bb7 44. Nxb5 f5 45. Kf2 Kf7
46. g3 Ke8 47. Ke3 Kd7 48. Nd4 Ke8 49. h4 Kf7 50. Ne6 Kf6 51. b5 h6 52. Nd8 Bc8
53. b6 e5 54. b7 Bxb7 55. Nxb7 Ke7 56. Na5 Kd7 57. Nc4 Ke7 58. Kd3 Kd7 59. Ne3
fxe4+ 60. fxe4 Ke7 61. Ng4 h5 62. Ne3 Kd7 63. Kc4 Kc7 64. Kb5 Kb7 65. Nc4 Kc7
1-0

[Event "Grand Pacific op"]
[Site "Victoria CAN"]
[Date "2010.04.04"]
[Round "4"]
[White "Daniluk, Jim"]
[Black "Scoones, Dan"]
[Result "0-1"]
[WhiteElo "2032"]
[BlackElo "2256"]
[PlyCount "58"]
[EventDate "2010.04.02"]
[EventType "swiss"]
[EventRounds "6"]
[EventCountry "CAN"]

1. e4 d5 2. exd5 Nf6 3. d4 Nxd5 4. Nf3 g6 5. c4 Nb6 6. h3 Bg7 7. Nc3 O-O 8. Be3
Nc6 9. Qd2 e5 10. d5 Na5 11. b3 e4 12. Nd4 c5 13. Nc2 Nd7 14. O-O-O f5 15. Bh6
Be5 16. Bxf8 Kxf8 17. Ne2 b5 18. Nf4 Qb6 19. Na3 bxc4 20. Nxc4 Nxc4 21. Bxc4
Ba6 22. Ne6+ Kg8 23. Qe2 Bxc4 24. Qxc4 Qa5 25. Kb1 Rc8 26. Nd4 Nb6 27. Nc6 Rxc6
28. Qc2 Rd6 29. g4 Nxd5 0-1

[Event "Grand Pacific op"]
[Site "Victoria CAN"]
[Date "2010.04.04"]
[Round "4"]
[White "Davies, Lucas"]
[Black "Han, Yifei"]
[Result "1-0"]
[WhiteElo "2244"]
[BlackElo "1858"]
[PlyCount "161"]
[EventDate "2010.04.02"]
[EventType "swiss"]
[EventRounds "6"]
[EventCountry "CAN"]

1. e4 e5 2. Nf3 Nc6 3. Bb5 a6 4. Ba4 Nf6 5. O-O Be7 6. Re1 b5 7. Bb3 d6 8. c3
O-O 9. h3 Na5 10. Bc2 c5 11. d4 Qc7 12. Nbd2 cxd4 13. cxd4 Nc6 14. d5 Nb4 15.
Bb1 a5 16. Nf1 Bd7 17. a3 Na6 18. g4 Nc5 19. Ng3 a4 20. Bc2 Rfb8 21. Bd2 Qb7
22. Nf5 Bf8 23. Nh2 Bxf5 24. gxf5 Ne8 25. Kh1 f6 26. Rg1 Qf7 27. Qg4 Rc8 28.
Qh4 Nb3 29. Bxb3 axb3 30. Rac1 Rc2 31. Rxc2 bxc2 32. Ng4 Qa7 33. Be3 Qe7 34. f3
Rc8 35. Bd2 Kh8 36. Bc3 Qa7 37. Qf2 Qxf2 38. Nxf2 Nc7 39. Rc1 Na6 40. Nd3 Be7
41. Rxc2 Bd8 42. Rc1 Bb6 43. Bd2 Rxc1+ 44. Bxc1 Kg8 45. Kg2 Kf7 46. Kf1 Ke7 47.
Ke2 Kd7 48. Be3 Ba5 49. Kd1 Kc8 50. Kc2 Kb7 51. b4 Bc7 52. Kb3 Nb8 53. a4 bxa4+
54. Kxa4 Ka6 55. Nb2 Nd7 56. Nc4 g6 57. fxg6 hxg6 58. Bf2 f5 59. exf5 gxf5 60.
Bh4 e4 61. fxe4 fxe4 62. Be7 Nb6+ 63. Nxb6 Kxb6 64. Bf6 Kb7 65. Bd4 Bd8 66. Be3
Ka6 67. b5+ Kb7 68. Kb4 Bf6 69. Kc4 Kc8 70. Bf2 Kb7 71. Be3 Kc8 72. Kb3 Kd7 73.
Kc2 Bd8 74. Kd2 Bc7 75. Bd4 Ke7 76. Ke3 Bb8 77. b6 Kf7 78. Kxe4 Kg6 79. Kf4 Kh5
80. Bf6 Kg6 81. Bd8 1-0

[Event "Grand Pacific op"]
[Site "Victoria CAN"]
[Date "2010.04.04"]
[Round "4"]
[White "Day, Lawrence"]
[Black "Yoos, John"]
[Result "1/2-1/2"]
[WhiteElo "2302"]
[BlackElo "2444"]
[PlyCount "50"]
[EventDate "2010.04.02"]
[EventType "swiss"]
[EventRounds "6"]
[EventCountry "CAN"]

1. e4 c5 2. Nc3 Nc6 3. g3 g6 4. Bg2 Rb8 5. d3 b5 6. Be3 b4 7. Nce2 Bg7 8. d4
cxd4 9. Nxd4 Ne5 10. Nb3 Nc6 11. Rb1 d6 12. Nd4 Bd7 13. Nxc6 Bxc6 14. Bxa7 Ra8
15. Bd4 Nf6 16. Qd3 Qa5 17. Ne2 O-O 18. O-O e5 19. Be3 Bb5 20. Qd1 Qxa2 21. Re1
Rfc8 22. Bg5 Qc4 23. Bxf6 Bxf6 24. c3 Qc5 25. cxb4 Bxe2 1/2-1/2

[Event "Grand Pacific op"]
[Site "Victoria CAN"]
[Date "2010.04.04"]
[Round "4"]
[White "Doknjas, John"]
[Black "Ristovic, Nenad"]
[Result "0-1"]
[WhiteElo "1936"]
[BlackElo "2272"]
[PlyCount "70"]
[EventDate "2010.04.02"]
[EventType "swiss"]
[EventRounds "6"]
[EventCountry "CAN"]

1. d4 d5 2. c4 c6 3. Nc3 Nf6 4. Nf3 e6 5. Bg5 h6 6. Bh4 dxc4 7. e4 g5 8. Bg3 b5
9. a3 Qa5 10. Be5 Nbd7 11. Qb1 Bb7 12. Be2 c5 13. Bxf6 Nxf6 14. d5 exd5 15.
exd5 Bxd5 16. O-O Be6 17. Ne4 Be7 18. Nxf6+ Bxf6 19. Qe4 O-O 20. Bd1 Rfd8 21.
Bc2 Bxb2 22. Qh7+ Kf8 23. Qxh6+ Bg7 24. Qxg5 Bxa1 25. Qxc5+ Kg8 26. Rxa1 Qc3
27. Re1 Qxc2 28. Rxe6 Rd1+ 29. Ne1 fxe6 30. Qg5+ Kf7 31. Qh5+ Ke7 32. Qg5+ Kd6
33. Qf4+ Kc6 34. Qf3+ Kb6 35. Qe3+ Ka5 0-1

[Event "Grand Pacific op"]
[Site "Victoria CAN"]
[Date "2010.04.04"]
[Round "4"]
[White "Hua, Daniel"]
[Black "Ficzere, Tony"]
[Result "1/2-1/2"]
[WhiteElo "1630"]
[BlackElo "1830"]
[PlyCount "46"]
[EventDate "2010.04.02"]
[EventType "swiss"]
[EventRounds "6"]
[EventCountry "CAN"]

1. e4 b6 2. d4 Bb7 3. Nc3 e6 4. Nf3 Nf6 5. Bd3 Be7 6. O-O d6 7. Re1 Nbd7 8. e5
dxe5 9. dxe5 Nd5 10. Nxd5 Bxd5 11. Bf4 O-O 12. c3 c5 13. Qe2 Rc8 14. Qe3 Qc7
15. Ng5 g6 16. Qg3 Qb7 17. Qh3 Bxg5 18. Bxg5 c4 19. Bc2 f6 20. exf6 Nxf6 21.
Rad1 Qf7 22. Rf1 Ne4 23. Be3 Nd6 1/2-1/2

[Event "Grand Pacific op"]
[Site "Victoria CAN"]
[Date "2010.04.04"]
[Round "4"]
[White "Koke, Conrad"]
[Black "Leblanc, Paul"]
[Result "0-1"]
[WhiteElo "1732"]
[BlackElo "1877"]
[PlyCount "56"]
[EventDate "2010.04.02"]
[EventType "swiss"]
[EventRounds "6"]
[EventCountry "CAN"]

1. e4 c6 2. d4 d5 3. exd5 cxd5 4. Bd3 Nc6 5. c3 Nf6 6. Bf4 Bg4 7. Qb3 Na5 8.
Qa4+ Bd7 9. Qc2 e6 10. Nd2 Be7 11. Ngf3 Rc8 12. O-O O-O 13. Ne5 Nc6 14. a3 Nxd4
15. Qd1 Nc6 16. Ndf3 Nxe5 17. Nxe5 Bc6 18. Qe2 g6 19. Rad1 Nd7 20. Nf3 Bf6 21.
Bh6 Re8 22. Bf4 e5 23. Bxg6 exf4 24. Bxh7+ Kxh7 25. Qc2+ Kg7 26. Qf5 Nf8 27.
Qxf4 Ng6 28. Qg3 Qc7 0-1

[Event "Grand Pacific op"]
[Site "Victoria CAN"]
[Date "2010.04.04"]
[Round "4"]
[White "Moura, Eduardo"]
[Black "Caluza, Juni"]
[Result "1-0"]
[WhiteElo "2045"]
[BlackElo "1776"]
[PlyCount "49"]
[EventDate "2010.04.02"]
[EventType "swiss"]
[EventRounds "6"]
[EventCountry "CAN"]

1. e4 c6 2. d4 d5 3. exd5 cxd5 4. c4 Nf6 5. Nc3 e6 6. Nf3 a6 7. a3 Nc6 8. Bd3
Be7 9. O-O O-O 10. c5 Bd7 11. b4 b5 12. Re1 Qb8 13. Rb1 h6 14. Bc2 Bd8 15. Ne5
Be8 16. Qd3 Bc7 17. Ng4 Ne4 18. Nxe4 dxe4 19. Qxe4 f5 20. Qxe6+ Rf7 21. Nxh6+
gxh6 22. Bb3 Bxh2+ 23. Kf1 Kh8 24. Qxh6+ Rh7 25. Qf8# 1-0

[Event "Grand Pacific op"]
[Site "Victoria CAN"]
[Date "2010.04.04"]
[Round "4"]
[White "Parker, Dylan"]
[Black "Sequillion, Aaron"]
[Result "0-1"]
[WhiteElo "1614"]
[BlackElo "2066"]
[PlyCount "128"]
[EventDate "2010.04.02"]
[EventType "swiss"]
[EventRounds "6"]
[EventCountry "CAN"]

1. e4 d5 2. exd5 Nf6 3. Nc3 Nxd5 4. Bc4 Be6 5. Qf3 c6 6. Nge2 g6 7. Nd4 Qd6 8.
O-O Nd7 9. Ne4 Qb4 10. Qb3 Qxb3 11. Bxb3 Bf5 12. Nxf5 gxf5 13. Ng3 e6 14. Re1
O-O-O 15. d3 Bd6 16. Bd2 h5 17. Ne2 h4 18. h3 Rhg8 19. Kh1 N7f6 20. Rac1 Kb8
21. a3 Nh5 22. Rcd1 Rg6 23. c4 Ndf4 24. Nxf4 Bxf4 25. Bc3 Rdg8 26. Rg1 Bh6 27.
Rb1 Nf4 28. Be5+ Kc8 29. Bxf4 Bxf4 30. d4 Bc7 31. Rbd1 Bb6 32. Rd2 f4 33. Bd1
Rd8 34. Bh5 Rg7 35. Rgd1 f6 36. Bg4 f5 37. Bf3 Rgd7 38. b3 Bxd4 39. Re2 e5 40.
Bh5 Rg7 41. Red2 Rdg8 42. Rg1 Bb6 43. b4 Bd4 44. Bd1 Rd8 45. Bc2 e4 46. Rgd1
Rgd7 47. Re2 Kc7 48. c5 b6 49. cxb6+ axb6 50. Kh2 c5 51. bxc5 bxc5 52. Bb3 Rd6
53. Bc4 Bxf2 54. Rxd6 Bg3+ 55. Kg1 Rxd6 56. Bb3 Rd3 57. Rb2 c4 58. Bxc4 Rxa3
59. Kf1 Ra1+ 60. Ke2 Re1+ 61. Kd2 Rg1 62. Kc3 f3 63. Kb3 f2 64. Rc2 Kd6 0-1

[Event "Grand Pacific op"]
[Site "Victoria CAN"]
[Date "2010.04.04"]
[Round "4"]
[White "Patterson, Roger"]
[Black "Botez, Alexandra"]
[Result "1/2-1/2"]
[WhiteElo "2204"]
[BlackElo "1893"]
[PlyCount "78"]
[EventDate "2010.04.02"]
[EventType "swiss"]
[EventRounds "6"]
[EventCountry "CAN"]

1. e4 c6 2. d4 d5 3. exd5 cxd5 4. Bd3 Nf6 5. c3 Nc6 6. Bf4 Bg4 7. Qb3 Qd7 8.
Nd2 e6 9. Ngf3 Bxf3 10. Nxf3 Bd6 11. Bxd6 Qxd6 12. O-O O-O 13. Rae1 a6 14. Ne5
b5 15. a3 Nd7 16. f4 f5 17. Nxd7 Qxd7 18. Qd1 Rf6 19. Rf3 Na5 20. b4 Nb7 21.
Rfe3 Nd6 22. Qe2 Ne4 23. Rc1 Rc8 24. Bxe4 dxe4 25. a4 Qd5 26. axb5 axb5 27. Ra1
Rf7 28. Ra5 Rb7 29. Qa2 Qxa2 30. Rxa2 Rbc7 31. Ra3 Kf7 32. Kf2 Ke7 33. Ke2 Kd6
34. Kd2 Kd5 35. h4 Re7 36. Re1 Rc6 37. Ra5 Kc4 38. g4 g6 39. g5 h5 1/2-1/2

[Event "Grand Pacific op"]
[Site "Victoria CAN"]
[Date "2010.04.04"]
[Round "4"]
[White "Radic, Dejan"]
[Black "Geng, Tian Tian"]
[Result "1/2-1/2"]
[WhiteElo "1500"]
[BlackElo "1783"]
[PlyCount "83"]
[EventDate "2010.04.02"]
[EventType "swiss"]
[EventRounds "6"]
[EventCountry "CAN"]

1. e4 c5 2. Nc3 Nc6 3. f4 g6 4. Nf3 Bg7 5. Bb5 d6 6. O-O Bd7 7. Bxc6 Bxc6 8. d3
Nf6 9. Qe1 O-O 10. Qh4 h6 11. Ne2 Nh7 12. g4 e5 13. g5 exf4 14. Bxf4 Bxb2 15.
Rab1 Bg7 16. Qg3 Re8 17. gxh6 Bf8 18. Ng5 Be7 19. Nxh7 Kxh7 20. Bxd6 Qxd6 21.
Rxf7+ Kh8 22. Rbf1 Qxg3+ 23. hxg3 Bf8 24. Nf4 Bxh6 25. Nxg6+ Kg8 26. Rc7 Re6
27. Ne7+ Kh8 28. Rf7 Rf8 29. Nxc6 Rxf7 30. Rxf7 Rxc6 31. Rxb7 Ra6 32. Kg2 Rxa2
33. Kf3 a5 34. Ra7 Bd2 35. Kg4 Rxc2 36. Kf5 Rb2 37. Kg6 Rb6+ 38. Kf5 Rd6 39. e5
Rxd3 40. g4 Rf3+ 41. Kg6 Rf8 42. Rh7+ 1/2-1/2

[Event "Grand Pacific op"]
[Site "Victoria CAN"]
[Date "2010.04.04"]
[Round "4"]
[White "Raymer, Elliot"]
[Black "Qian, Jack"]
[Result "1-0"]
[WhiteElo "1760"]
[BlackElo "1494"]
[PlyCount "87"]
[EventDate "2010.04.02"]
[EventType "swiss"]
[EventRounds "6"]
[EventCountry "CAN"]

1. e4 c5 2. d4 cxd4 3. c3 dxc3 4. Nxc3 d6 5. Nf3 g6 6. Bc4 Bg7 7. Bg5 Nc6 8.
Qb3 Be6 9. Bxe6 fxe6 10. Qxb7 Qc8 11. Qxc8+ Rxc8 12. Kd2 h6 13. Bf4 Nf6 14.
Rac1 Kf7 15. h3 Nd7 16. Rhe1 Rb8 17. b3 Rhc8 18. g4 Nce5 19. Nxe5+ Nxe5 20.
Bxe5 Bxe5 21. Ne2 g5 22. Rxc8 Rxc8 23. Rc1 Rxc1 24. Kxc1 d5 25. f3 Ke8 26. Kc2
Kd7 27. Nc3 Kc6 28. b4 Bxc3 29. Kxc3 Kb5 30. Kb3 d4 31. a4+ Ka6 32. e5 Kb6 33.
Kc4 Kc6 34. Kxd4 a6 35. Kc4 Kb6 36. b5 axb5+ 37. axb5 Kb7 38. Kc5 Kc7 39. b6+
Kd7 40. Kb5 Kd8 41. Kc6 Kc8 42. b7+ Kb8 43. Kb6 h5 44. gxh5 1-0

[Event "Grand Pacific op"]
[Site "Victoria CAN"]
[Date "2010.04.04"]
[Round "4"]
[White "Steininger, Gavin"]
[Black "Sohal, Tanraj"]
[Result "1/2-1/2"]
[WhiteElo "2072"]
[BlackElo "2100"]
[PlyCount "58"]
[EventDate "2010.04.02"]
[EventType "swiss"]
[EventRounds "6"]
[EventCountry "CAN"]

1. e4 c5 2. Nf3 Nc6 3. d4 cxd4 4. Nxd4 Nf6 5. Nc3 e5 6. Ndb5 d6 7. Bg5 a6 8.
Bxf6 gxf6 9. Na3 f5 10. exf5 Bxf5 11. Nd5 Bg7 12. Nc4 Be6 13. g3 b5 14. Nce3
O-O 15. Bg2 Rc8 16. c3 f5 17. Qh5 Ne7 18. Nxe7+ Qxe7 19. Nd5 Qd8 20. O-O Rc4
21. Rfd1 e4 22. Nf4 Qe7 23. Rd2 Bf7 24. Qd1 Be5 25. Ne2 Be6 26. Nd4 d5 27. Qh5
Bxd4 28. Rxd4 Rcc8 29. a4 Rc4 1/2-1/2